Estadísticas para ¿Puedes Nombrar Todos los Países con Menos de 100.000 Habitantes?

Haz click aquí para intentar la prueba.

Estadísticas generales

  • Esta prueba ha sido intentada 160 veces
  • La puntuación promedio es 10 de 13

Estadísticas de respuestas

HintRespuesta% Correcto
La población:801Ciudad del Vaticano
99%
La población:39,242Mónaco
96%
La población:77,265Andorra
89%
La población:33,931San Marino
88%
La población:38,128Liechtenstein
84%
La población:11,792Tuvalu
79%
La población:10,824Nauru
78%
La población:59,190Islas Marshall
74%
La población:18,094Palaos
70%
La población:53,199San Cristóbal y Nieves
67%
La población:97,929Antigua y Barbuda
64%
La población:71,986Dominica
62%
La población:98,347Seychelles
55%

Distribución de puntuación

Porcentaje por número respondido

Porcentaje de gente con cada puntuación

Historial de tus puntuaciones

No has intentado esta prueba.